| 000 | 00442nam a2200169Ia 4500 | ||
|---|---|---|---|
| 008 | 241115s9999 xx 000 0 und d | ||
| 020 | _a0-07-100934-5 | ||
| 082 | _a005.74 STA | ||
| 100 | _aStamper, David | ||
| 245 | 0 | _aDatabase Design and Management: an applied approach | |
| 250 | _a.NA | ||
| 260 |
_aNew York: _bMc Graw Hill, _c1990 |
||
| 300 | _axx,466p. | ||
| 600 | _aComputer Science | ||
| 650 | _aComputer Science | ||
| 942 | _cBBD | ||
| 999 |
_c25225 _d25225 |
||